书目信息 |
| 题名: |
英汉文化与翻译探究
|
|
| 作者: | 张青 , 张敏 著 | |
| 分册: | ||
| 出版信息: | 北京 中国水利水电出版社 2015 |
|
| 页数: | 245页 | |
| 开本: | 24cm | |
| 丛书名: | ||
| 单 册: | ||
| 中图分类: | H0-05 , H315.9 | |
| 科图分类: | ||
| 主题词: | 文化语言学--wen hua yu yan xue--对比研究--英语--汉语 , 英语--ying yu--翻译--研究 | |
| 电子资源: | ||
| ISBN: | 978-7-5170-3269-4 | |
| 000 | 01019nam0 22002771 450 | |
| 001 | 1730304498 | |
| 005 | 20170525101513.0 | |
| 010 | @a978-7-5170-3269-4@dCNY49.00 | |
| 100 | @a20151127d2015 em y0chiy50 ea | |
| 101 | 0 | @achi |
| 102 | @aCN@b110000 | |
| 105 | @ak a 000yy | |
| 106 | @ar | |
| 200 | 1 | @a英汉文化与翻译探究@Aying han wen hua yu fan yi tan jiu@f张青,张敏著 |
| 210 | @a北京@c中国水利水电出版社@d2015 | |
| 215 | @a245页@d24cm | |
| 320 | @a有书目 (第242-245页) | |
| 330 | @a本书主要围绕英汉文化与翻译展开探究。开头从理论入手,对相关理论做了总的讨论,如什么是文化、什么是翻译,文化与翻译的关系,文化差异对翻译的影响,以及英汉文化翻译的相关问题。重点在于对英汉不同文化的比较与翻译等问题进行研究。 | |
| 606 | 0 | @a文化语言学@Awen hua yu yan xue@x对比研究@x英语@x汉语 |
| 606 | 0 | @a英语@Aying yu@x翻译@x研究 |
| 690 | @aH0-05@v5 | |
| 690 | @aH315.9@v5 | |
| 701 | 0 | @a张青@Azhang qing@4著 |
| 701 | 0 | @a张敏@Azhang min@4著 |
| 801 | 0 | @aCN@bTANG WEI@c20170523 |
| 905 | @b0969043-7@dH0-05@e240@f5 | |
| 英汉文化与翻译探究/张青,张敏著.-北京:中国水利水电出版社,2015 |
| 245页;24cm |
| ISBN 978-7-5170-3269-4:CNY49.00 |
| 本书主要围绕英汉文化与翻译展开探究。开头从理论入手,对相关理论做了总的讨论,如什么是文化、什么是翻译,文化与翻译的关系,文化差异对翻译的影响,以及英汉文化翻译的相关问题。重点在于对英汉不同文化的比较与翻译等问题进行研究。 |
| ● |
| 相关链接 |
|
|
|
|
正题名:英汉文化与翻译探究
索取号:H0-05/240
 
预约/预借
| 序号 | 登录号 | 条形码 | 馆藏地/架位号 | 状态 | 备注 |
| 1 | 0969043 | 209690431 | 第二样本阅览室/ [索取号:H0-05/240] | 在馆 | |
| 2 | 0969044 | 209690440 | 密集书库-文学院/ [索取号:H0-05/240] | 在馆 | |
| 3 | 0969045 | 209690459 | 第四借阅区/ [索取号:H0-05/240] | 在馆 | |
| 4 | 0969046 | 209690468 | 第四借阅区/ [索取号:H0-05/240] | 在馆 | |
| 5 | 0969047 | 209690477 | 第四借阅区/ [索取号:H0-05/240] | 在馆 |